[Event "DEM U12w 2022"]
[Site "Willingen GER"]
[Date "2022.06.09"]
[Round "7"]
[White "Kopylov, Diana"]
[Black "Rafikova, Ailin"]
[Result "1-0"]
[Termination "normal"]
[Board "15"]
[WhiteElo "1110"]
[BlackElo "1273"]
[PlyCount "99"]
[WhiteFideId "16268865"]
[BlackFideId "34612173"]
[EventCountry "GER"]
[EventRounds "9"]
[EventType "swiss"]
[EventDate "2022.06.04"]

1. d4 d5 2. c4 e6 3. cxd5 exd5 4. Nc3 c6 5. Qc2 Be7 6. Bf4 Bd6 7. Bxd6 Qxd6 8.
e3 Nf6 9. Bd3 Be6 10. Nge2 O-O 11. O-O-O Nbd7 12. Kb1 b6 13. f3 c5 14. g4 c4
15. Bf5 a6 16. Nf4 b5 17. g5 Bxf5 18. Qxf5 Ne8 19. Qxd5 Qxd5 20. Ncxd5 Nd6 21.
h4 a5 22. h5 Ra7 23. Rdg1 a4 24. a3 Nb8 25. g6 h6 26. e4 Nc6 27. e5 Nf5 28.
gxf7+ Rfxf7 29. Nf6+ Rxf6 30. exf6 Ncxd4 31. Rh3 Kf8 32. fxg7+ Nxg7 33. Ng6+
Kf7 34. Ne5+ Kf8 35. f4 Ngf5 36. Ng6+ Kg7 37. Ne5+ Kf8 38. Rh2 Ne3 39. Rd2 Nef5
40. Rg6 Rh7 41. Nc6 Nxc6 42. Rxc6 Ne7 43. Rc7 Ke8 44. Rdd7 Rg7 45. Ka2 Kf8 46.
f5 Rf7 47. f6 Rxf6 48. Rxe7 Rf5 49. Rh7 Rg5 50. Rc8# 1-0

[Event "DEM U12w 2022"]
[Site "Willingen GER"]
[Date "2022.06.09"]
[Round "7"]
[White "Mo, Keyou"]
[Black "John, Linnea"]
[Result "0-1"]
[Termination "normal"]
[Board "16"]
[WhiteElo "1150"]
[BlackElo "1306"]
[PlyCount "126"]
[WhiteFideId "34623582"]
[BlackFideId "34623680"]
[EventCountry "GER"]
[EventRounds "9"]
[EventType "swiss"]
[EventDate "2022.06.04"]

1. e4 c5 2. Nf3 Nc6 3. d4 cxd4 4. Nxd4 g6 5. Nc3 Bg7 6. Be3 Nf6 7. Bc4 Qa5 8.
Nxc6 dxc6 9. f3 O-O 10. Qd2 Rd8 11. Qe2 b5 12. Bb3 Ba6 13. Qf2 b4 14. Ne2 Rac8
15. O-O c5 16. a3 c4 17. axb4 Qb5 18. Ba4 Qxb4 19. b3 cxb3 20. Bxb3 Bxe2 21.
Qxe2 a5 22. Ra4 Qc3 23. Ra3 Qb4 24. Ra4 Qc3 25. Bb6 Rd2 26. Qe1 Rd7 27. Qxc3
Rxc3 28. Bxa5 Rc8 29. Bb4 Rc6 30. e5 Ne8 31. Ra8 Kf8 32. Ba4 Rdc7 33. Bxc6 Rxc6
34. Rc1 Bxe5 35. c4 f6 36. Kf2 Kf7 37. Ke3 Bxh2 38. c5 g5 39. Rh1 Bf4+ 40. Kd4
h5 41. Kd5 Re6 42. c6 Nc7+ 43. Kc5 Nxa8 44. Rxh5 Bd6+ 45. Kb5 Bxb4 46. Rh8 Nc7+
47. Kb6 Nd5+ 48. Kb7 Bd6 49. Rd8 Re2 50. g3 Rf2 51. f4 g4 52. Kc8 Ke6 53. Kb7
Rf3 54. Ra8 Rb3+ 55. Kc8 Nb6+ 56. Kb7 Nxa8+ 57. Kxa8 Rxg3 58. Kb7 Rb3+ 59. Ka6
g3 60. Ka5 g2 61. Ka4 Rb8 62. Ka5 g1=Q 63. Ka6 Qa1# 0-1

[Event "DEM U12w 2022"]
[Site "Willingen GER"]
[Date "2022.06.09"]
[Round "7"]
[White "Wolf, Anna"]
[Black "Abram, Kristina-Maria"]
[Result "0-1"]
[Termination "normal"]
[Board "17"]
[WhiteElo "1218"]
[BlackElo "1044"]
[PlyCount "56"]
[WhiteFideId "34616993"]
[BlackFideId "16298349"]
[EventCountry "GER"]
[EventRounds "9"]
[EventType "swiss"]
[EventDate "2022.06.04"]

1. e4 d5 2. exd5 Qxd5 3. Nc3 Qa5 4. Nf3 Nf6 5. d4 Bf5 6. Bd2 c6 7. Bc4 e6 8. a3
Nbd7 9. h3 Qc7 10. O-O Be7 11. Re1 O-O-O 12. b4 h6 13. Ne5 Nxe5 14. dxe5 Nd7
15. Bf4 Nxe5 16. Qe2 f6 17. g4 Bh7 18. Bxe6+ Kb8 19. Bb3 Bd6 20. Ra2 Rhe8 21.
Qf1 Nf3+ 22. Kh1 Nxe1 23. Bxd6 Qxd6 24. b5 Re4 25. Nxe4 Bxe4+ 26. f3 Bxf3+ 27.
Kg1 Qg3+ 28. Qg2 Qxg2# 0-1

[Event "DEM U12w 2022"]
[Site "Willingen GER"]
[Date "2022.06.09"]
[Round "7"]
[White "Nalam, Mokshadha"]
[Black "Rössling, Laura Marie"]
[Result "1-0"]
[Termination "normal"]
[Board "18"]
[WhiteElo "1185"]
[BlackElo "1063"]
[PlyCount "67"]
[WhiteFideId "34623566"]
[BlackFideId "16289471"]
[EventCountry "GER"]
[EventRounds "9"]
[EventType "swiss"]
[EventDate "2022.06.04"]

1. e4 e5 2. Nf3 Nc6 3. Bc4 Bc5 4. c3 Nf6 5. d4 exd4 6. e5 d5 7. Bb5 Ne4 8. cxd4
Bb6 9. Nc3 Ba5 10. Qb3 O-O 11. O-O Bxc3 12. bxc3 Bg4 13. Nd2 a6 14. Bd3 Nxd2
15. Bxd2 f6 16. Qc2 f5 17. f3 Bh5 18. Bxf5 g6 19. Bd3 Qh4 20. Qc1 Qe7 21. g4
Bxg4 22. fxg4 Qh4 23. Be2 Rf7 24. Rxf7 Kxf7 25. Qf1+ Kg8 26. Qg2 Ne7 27. Rf1 g5
28. c4 Qh6 29. cxd5 Rd8 30. Bc4 Kh8 31. Rf6 Qg7 32. d6 cxd6 33. Rxd6 Rf8 34.
Qxb7 1-0

[Event "DEM U12w 2022"]
[Site "Willingen GER"]
[Date "2022.06.09"]
[Round "7"]
[White "Le, Thao-Linh"]
[Black "Ignatova, Gabriela"]
[Result "1/2-1/2"]
[Termination "normal"]
[Board "19"]
[WhiteElo "1093"]
[BlackElo "1170"]
[PlyCount "81"]
[WhiteFideId "16279131"]
[BlackFideId "34623698"]
[EventCountry "GER"]
[EventRounds "9"]
[EventType "swiss"]
[EventDate "2022.06.04"]

1. e4 c5 2. Nf3 Nc6 3. d4 cxd4 4. Nxd4 g6 5. c4 Bg7 6. Be3 Nf6 7. Nc3 O-O 8.
Be2 d6 9. O-O Bd7 10. Nc2 Ne5 11. Na3 a6 12. Qd2 Qc8 13. f3 Be6 14. b3 Rd8 15.
Rfd1 Qd7 16. Rac1 Rac8 17. Na4 Qc6 18. Nc2 Nxc4 19. Bxc4 Bxc4 20. Nb4 Qb5 21.
Nb6 Bxb3 22. axb3 Rxc1 23. Rxc1 a5 24. N4d5 Nxd5 25. Nxd5 e6 26. Nc7 Qxb3 27.
Qe1 d5 28. Rb1 Qd3 29. exd5 exd5 30. Rxb7 Be5 31. Bb6 Bd4+ 32. Bxd4 Qxd4+ 33.
Kf1 a4 34. Rb4 Qd3+ 35. Qe2 Qa3 36. Qd2 d4 37. Nb5 Qa1+ 38. Kf2 a3 39. Nxa3
Qxa3 40. Rxd4 Rxd4 41. Qxd4 1/2-1/2

[Event "DEM U12w 2022"]
[Site "Willingen GER"]
[Date "2022.06.09"]
[Round "7"]
[White "Fomenkova, Elina"]
[Black "Janssen, Mareike"]
[Result "0-1"]
[Termination "normal"]
[Board "20"]
[WhiteElo "933"]
[BlackElo "1022"]
[PlyCount "160"]
[WhiteFideId "34623760"]
[BlackFideId "34607145"]
[EventCountry "GER"]
[EventRounds "9"]
[EventType "swiss"]
[EventDate "2022.06.04"]

1. e4 e5 2. d4 exd4 3. c3 Nf6 4. Bd3 Nc6 5. cxd4 Nxd4 6. Nf3 Nc6 7. O-O d6 8.
Nc3 Be7 9. Nd5 O-O 10. Nxf6+ Bxf6 11. Bc4 Bg4 12. Re1 Re8 13. h3 Bh5 14. a3 h6
15. Qd3 Bxf3 16. Qxf3 Nd4 17. Qd3 c6 18. Rb1 d5 19. Ba2 Nb5 20. Bf4 dxe4 21.
Qxd8 Raxd8 22. a4 Nd4 23. Rbc1 Nf5 24. Rb1 Rd4 25. Bb3 Rb4 26. Bc2 Rxb2 27.
Rxb2 Bxb2 28. Bxe4 Bc3 29. Re2 Nd4 30. Re3 Bd2 31. Rd3 Rxe4 32. Bxd2 Ne2+ 33.
Kh2 Rxa4 34. Re3 Nd4 35. Re4 c5 36. Bc3 Rc4 37. Re8+ Kh7 38. Bd2 Rc2 39. Be3
Nf5 40. Bf4 Rxf2 41. Bc1 c4 42. Rc8 Rc2 43. Bf4 b5 44. Rc7 Kg6 45. Rxa7 b4 46.
Ra6+ f6 47. Ra1 b3 48. Rb1 Nh4 49. Bc1 Nxg2 50. Kg3 Ne1 51. Ba3 Rc3+ 52. Kg4
Nd3 53. Kh4 Rc2 54. Rg1+ Kf7 55. Rb1 b2 56. Kg3 Rc1 57. Rxc1 bxc1=Q 58. Bxc1
Nxc1 59. Kf2 Ke6 60. Ke1 Ke5 61. Kd2 Nb3+ 62. Kc3 Kf4 63. Kxc4 Nd2+ 64. Kd3 Nb1
65. Ke2 Kg3 66. h4 Kxh4 67. Kf2 g5 68. Kg2 f5 69. Kh2 g4 70. Kh1 Kh3 71. Kg1 g3
72. Kh1 f4 73. Kg1 g2 74. Kf2 Kh2 75. Kf3 g1=Q 76. Ke2 Qe3+ 77. Kf1 Qa3 78. Ke1
f3 79. Kf1 Qd3+ 80. Ke1 Qe2# 0-1

[Event "DEM U12w 2022"]
[Site "Willingen GER"]
[Date "2022.06.09"]
[Round "7"]
[White "Altmeyer, Hannah"]
[Black "Mader, Theresa"]
[Result "0-1"]
[Termination "normal"]
[Board "21"]
[WhiteElo "754"]
[BlackElo "1339"]
[PlyCount "116"]
[WhiteFideId "34623892"]
[BlackFideId "34605657"]
[EventCountry "GER"]
[EventRounds "9"]
[EventType "swiss"]
[EventDate "2022.06.04"]

1. e4 c6 2. Nc3 d5 3. Bd3 Nf6 4. f3 e6 5. Nh3 Bd6 6. O-O Qc7 7. Qe1 Bxh2+ 8.
Kh1 Bg3 9. Nf2 Qf4 10. Qe2 Qh4+ 11. Nh3 Bc7 12. Qf2 Qh6 13. Kg1 Bb6 14. Qxb6
axb6 15. e5 Nfd7 16. f4 g6 17. Re1 Nc5 18. Re3 d4 19. Rf3 dxc3 20. dxc3 Qf8 21.
Be3 Nxd3 22. cxd3 Nd7 23. Ng5 h6 24. Ne4 f6 25. exf6 Nxf6 26. Ng3 Nd5 27. Bd2
Qc5+ 28. d4 Qc4 29. b3 Qa6 30. c4 Nc7 31. Re3 O-O 32. Bb4 Rxf4 33. Bd6 Rf7 34.
Rf1 Rxf1+ 35. Kxf1 Ne8 36. Be7 Kf7 37. Bb4 Qxa2 38. Re2 Qxb3 39. Be1 Qxc4 40.
Bf2 Ra1+ 41. Be1 b5 42. Kf2 Qxd4+ 43. Re3 Ra2+ 44. Ne2 b4 45. Kf3 Qd5+ 46. Kf2
b3 47. Bc3 b2 48. Bxb2 Rxb2 49. Kf1 Nf6 50. Rf3 Rb1+ 51. Kf2 Qc5+ 52. Kg3 b5
53. Rc3 Ne4+ 54. Kf3 Nxc3 55. Nxc3 Qxc3+ 56. Kf2 Rb2+ 57. Kg1 Qg3 58. Kf1 Qf2#
0-1

[Event "DEM U12w 2022"]
[Site "Willingen GER"]
[Date "2022.06.10"]
[Round "8"]
[White "Richter, Johanna"]
[Black "Sickmann, Lisa"]
[Result "0-1"]
[Termination "normal"]
[Board "1"]
[WhiteElo "1363"]
[BlackElo "1660"]
[WhiteClock "00:26:45"]
[BlackClock "00:03:16"]
[PlyCount "115"]
[WhiteFideId "16278925"]
[BlackFideId "16267818"]
[EventCountry "GER"]
[EventRounds "9"]
[EventType "swiss"]
[EventDate "2022.06.04"]

1. d4 {[%clk 01:30:59]} {[%emt 00:00:01]} d5 {[%clk 01:30:56]} {[%emt
00:00:05]} 2. c4 {[%clk 01:31:24]} {[%emt 00:00:05]} e6 {[%clk 01:31:22]}
{[%emt 00:00:04]} 3. Nc3 {[%clk 01:31:48]} {[%emt 00:00:06]} Nf6 {[%clk
01:31:31]} {[%emt 00:00:20]} 4. cxd5 {[%clk 01:32:12]} {[%emt 00:00:05]} exd5
{[%clk 01:31:52]} {[%emt 00:00:09]} 5. Bg5 {[%clk 01:32:22]} {[%emt 00:00:20]}
Be7 {[%clk 01:32:05]} {[%emt 00:00:17]} 6. e3 {[%clk 01:32:46]} {[%emt
00:00:07]} c6 {[%clk 01:32:19]} {[%emt 00:00:16]} 7. Bd3 {[%clk 01:33:09]}
{[%emt 00:00:07]} O-O {[%clk 01:32:19]} {[%emt 00:00:30]} 8. Qc2 {[%clk
01:33:34]} {[%emt 00:00:05]} h6 {[%clk 01:32:42]} {[%emt 00:00:07]} 9. Bh4
{[%clk 01:34:01]} {[%emt 00:00:03]} Re8 {[%clk 01:31:20]} {[%emt 00:01:51]} 10.
Nge2 {[%clk 01:34:06]} {[%emt 00:00:26]} Nbd7 {[%clk 01:28:31]} {[%emt
00:03:19]} 11. O-O {[%clk 01:33:55]} {[%emt 00:00:40]} Nf8 {[%clk 01:14:56]}
{[%emt 00:14:05]} 12. f3 {[%clk 01:30:37]} {[%emt 00:03:49]} c5 {[%clk
01:06:15]} {[%emt 00:09:09]} 13. Bb5 {[%clk 01:23:15]} {[%emt 00:07:54]} Bd7
{[%clk 01:03:38]} {[%emt 00:03:08]} 14. Bxd7 {[%clk 01:19:42]} {[%emt
00:04:02]} N8xd7 {[%clk 01:02:02]} {[%emt 00:02:05]} 15. Bf2 {[%clk 01:14:32]}
{[%emt 00:05:41]} b6 {[%clk 00:50:47]} {[%emt 00:11:44]} 16. Rad1 {[%clk
01:06:32]} {[%emt 00:08:31]} Rc8 {[%clk 00:47:24]} {[%emt 00:03:52]} 17. Qd2
{[%clk 00:51:43]} {[%emt 00:15:20]} Nf8 {[%clk 00:42:43]} {[%emt 00:05:10]} 18.
a3 {[%clk 00:47:23]} {[%emt 00:04:51]} Qd7 {[%clk 00:41:48]} {[%emt 00:01:23]}
19. dxc5 {[%clk 00:46:08]} {[%emt 00:01:47]} Bxc5 {[%clk 00:38:49]} {[%emt
00:03:28]} 20. b4 {[%clk 00:45:33]} {[%emt 00:01:06]} Be7 {[%clk 00:37:48]}
{[%emt 00:01:31]} 21. Nxd5 {[%clk 00:40:10]} {[%emt 00:05:53]} Nxd5 {[%clk
00:38:05]} {[%emt 00:00:13]} 22. Qxd5 {[%clk 00:40:35]} {[%emt 00:00:05]} Qxd5
{[%clk 00:38:21]} {[%emt 00:00:14]} 23. Rxd5 {[%clk 00:40:59]} {[%emt
00:00:05]} Rc2 {[%clk 00:38:47]} {[%emt 00:00:04]} 24. Re1 {[%clk 00:40:40]}
{[%emt 00:00:49]} Rec8 {[%clk 00:38:33]} {[%emt 00:00:44]} 25. Rdd1 {[%clk
00:40:07]} {[%emt 00:01:04]} Ra2 {[%clk 00:38:29]} {[%emt 00:00:33]} 26. Rd3
{[%clk 00:38:57]} {[%emt 00:01:40]} Rcc2 {[%clk 00:38:12]} {[%emt 00:00:48]}
27. Kf1 {[%clk 00:38:49]} {[%emt 00:00:37]} a5 {[%clk 00:38:02]} {[%emt
00:00:41]} 28. Rb3 {[%clk 00:37:09]} {[%emt 00:02:02]} axb4 {[%clk 00:35:12]}
{[%emt 00:03:29]} 29. axb4 {[%clk 00:35:35]} {[%emt 00:02:03]} Rcb2 {[%clk
00:34:08]} {[%emt 00:01:33]} 30. Rxb2 {[%clk 00:35:26]} {[%emt 00:00:40]} Rxb2
{[%clk 00:34:28]} {[%emt 00:00:10]} 31. e4 {[%clk 00:35:05]} {[%emt 00:00:51]}
Bxb4 {[%clk 00:34:18]} {[%emt 00:00:39]} 32. Rc1 {[%clk 00:34:15]} {[%emt
00:01:19]} Bd6 {[%clk 00:33:17]} {[%emt 00:01:31]} 33. h3 {[%clk 00:33:27]}
{[%emt 00:01:19]} Ne6 {[%clk 00:32:30]} {[%emt 00:01:16]} 34. Nc3 {[%clk
00:32:14]} {[%emt 00:01:44]} Nc5 {[%clk 00:13:58]} {[%emt 00:19:02]} 35. Rb1
{[%clk 00:25:34]} {[%emt 00:07:10]} Rxb1+ {[%clk 00:13:02]} {[%emt 00:01:24]}
36. Nxb1 {[%clk 00:24:39]} {[%emt 00:01:26]} b5 {[%clk 00:13:16]} {[%emt
00:00:17]} 37. Bxc5 {[%clk 00:24:42]} {[%emt 00:00:26]} Bxc5 {[%clk 00:13:36]}
{[%emt 00:00:10]} 38. Ke2 {[%clk 00:25:09]} {[%emt 00:00:03]} Kf8 {[%clk
00:13:49]} {[%emt 00:00:17]} 39. Kd3 {[%clk 00:25:33]} {[%emt 00:00:07]} Ke7
{[%clk 00:13:17]} {[%emt 00:01:01]} 40. Nc3 {[%clk 00:25:54]} {[%emt 00:00:09]}
b4 {[%clk 00:13:28]} {[%emt 00:00:19]} 41. Nd5+ {[%clk 00:25:58]} {[%emt
00:00:26]} Ke6 {[%clk 00:11:03]} {[%emt 00:02:55]} 42. Kc4 {[%clk 00:25:08]}
{[%emt 00:01:21]} Bd6 {[%clk 00:11:24]} {[%emt 00:00:09]} 43. f4 {[%clk
00:25:15]} {[%emt 00:00:23]} f5 {[%clk 00:03:40]} {[%emt 00:08:13]} 44. e5
{[%clk 00:25:17]} {[%emt 00:00:28]} Bxe5 {[%clk 00:03:54]} {[%emt 00:00:16]}
45. fxe5 {[%clk 00:25:31]} {[%emt 00:00:17]} Kxe5 {[%clk 00:04:19]} {[%emt
00:00:04]} 46. Nxb4 {[%clk 00:25:46]} {[%emt 00:00:16]} Kf4 {[%clk 00:04:03]}
{[%emt 00:00:45]} 47. Nd5 {[%clk 00:26:07]} {[%emt 00:00:10]} Kg3 {[%clk
00:04:18]} {[%emt 00:00:14]} 48. Ne3 {[%clk 00:25:45]} {[%emt 00:00:52]} f4
{[%clk 00:04:34]} {[%emt 00:00:14]} 49. Nf5+ {[%clk 00:26:00]} {[%emt
00:00:15]} Kxg2 {[%emt 00:00:09]} 50. h4 {[%clk 00:25:44]} {[%emt 00:00:45]} f3
{[%clk 00:04:47]} {[%emt 00:00:39]} 51. Ne3+ {[%clk 00:25:45]} {[%emt
00:00:29]} Kg3 {[%clk 00:04:55]} {[%emt 00:00:22]} 52. Kd3 {[%clk 00:25:35]}
{[%emt 00:00:41]} g6 {[%clk 00:04:17]} {[%emt 00:01:07]} 53. Kd2 {[%clk
00:24:58]} {[%emt 00:01:06]} Kxh4 {[%clk 00:03:37]} {[%emt 00:01:11]} 54. Nf1
{[%clk 00:25:20]} {[%emt 00:00:08]} Kh3 {[%clk 00:02:47]} {[%emt 00:01:19]} 55.
Ke3 {[%clk 00:25:43]} {[%emt 00:00:08]} Kg2 {[%clk 00:02:47]} {[%emt 00:00:30]}
56. Nd2 {[%clk 00:26:04]} {[%emt 00:00:09]} f2 {[%clk 00:03:09]} {[%emt
00:00:09]} 57. Ke2 {[%clk 00:26:28]} {[%emt 00:00:06]} g5 {[%clk 00:03:16]}
{[%emt 00:00:22]} 58. Ne4 {[%clk 00:26:45]} {[%emt 00:00:13]} 0-1

[Event "DEM U12w 2022"]
[Site "Willingen GER"]
[Date "2022.06.10"]
[Round "8"]
[White "Trunz, Tamila"]
[Black "Bauer, Laura Sophie"]
[Result "1-0"]
[Termination "normal"]
[Board "2"]
[WhiteElo "1474"]
[BlackElo "1428"]
[WhiteClock "00:23:23"]
[BlackClock "00:12:19"]
[PlyCount "77"]
[WhiteFideId "16267885"]
[BlackFideId "16253647"]
[EventCountry "GER"]
[EventRounds "9"]
[EventType "swiss"]
[EventDate "2022.06.04"]

1. e4 {[%clk 01:30:58]} {[%emt 00:00:02]} e5 {[%clk 01:30:54]} {[%emt
00:00:07]} 2. Nf3 {[%emt 00:00:29]} Nc6 {[%clk 01:31:17]} {[%emt 00:00:05]} 3.
Bc4 {[%clk 01:31:21]} {[%emt 00:00:09]} Bc5 {[%clk 01:31:34]} {[%emt 00:00:13]}
4. d3 {[%clk 01:31:40]} {[%emt 00:00:11]} Nf6 {[%clk 01:31:28]} {[%emt
00:00:36]} 5. Qe2 {[%clk 01:32:01]} {[%emt 00:00:09]} O-O {[%clk 01:30:26]}
{[%emt 00:01:33]} 6. Nbd2 {[%clk 01:27:19]} {[%emt 00:05:11]} d6 {[%clk
01:28:09]} {[%emt 00:02:47]} 7. Nf1 {[%clk 01:26:45]} {[%emt 00:01:05]} Bg4
{[%clk 01:22:43]} {[%emt 00:05:55]} 8. c3 {[%clk 01:23:40]} {[%emt 00:03:35]}
d5 {[%clk 01:14:37]} {[%emt 00:08:36]} 9. Bb3 {[%clk 01:22:14]} {[%emt
00:01:56]} dxe4 {[%clk 01:08:11]} {[%emt 00:06:56]} 10. dxe4 {[%clk 01:22:33]}
{[%emt 00:00:11]} Qd6 {[%clk 01:03:40]} {[%emt 00:05:02]} 11. h3 {[%clk
01:20:24]} {[%emt 00:02:39]} Bh5 {[%clk 01:01:01]} {[%emt 00:03:08]} 12. Ng3
{[%clk 01:17:22]} {[%emt 00:03:33]} Rad8 {[%clk 00:56:04]} {[%emt 00:05:27]}
13. O-O {[%clk 01:15:23]} {[%emt 00:02:28]} Bxf3 {[%clk 00:55:05]} {[%emt
00:01:29]} 14. Qxf3 {[%clk 01:15:08]} {[%emt 00:00:45]} Qd3 {[%clk 00:53:41]}
{[%emt 00:01:55]} 15. Be3 {[%clk 01:13:51]} {[%emt 00:01:47]} Bxe3 {[%clk
00:50:18]} {[%emt 00:03:52]} 16. fxe3 {[%clk 01:11:44]} {[%emt 00:02:37]} Qd2
{[%clk 00:40:48]} {[%emt 00:10:00]} 17. Rf2 {[%clk 01:05:18]} {[%emt 00:06:57]}
Qd3 {[%clk 00:35:21]} {[%emt 00:05:57]} 18. Rd1 {[%clk 01:04:32]} {[%emt
00:01:12]} Qb5 {[%clk 00:31:29]} {[%emt 00:04:25]} 19. Rdf1 {[%clk 01:01:47]}
{[%emt 00:03:15]} Ne7 {[%clk 00:28:49]} {[%emt 00:03:10]} 20. Nh5 {[%clk
01:00:43]} {[%emt 00:01:33]} Rd6 {[%clk 00:25:56]} {[%emt 00:03:23]} 21. Nxf6+
{[%clk 00:52:54]} {[%emt 00:08:19]} Rxf6 {[%clk 00:26:01]} {[%emt 00:00:25]}
22. Qg4 {[%clk 00:47:54]} {[%emt 00:05:30]} Rxf2 {[%clk 00:24:15]} {[%emt
00:02:17]} 23. Rxf2 {[%clk 00:48:17]} {[%emt 00:00:07]} Qc6 {[%clk 00:21:13]}
{[%emt 00:03:32]} 24. Rf3 {[%clk 00:45:40]} {[%emt 00:03:07]} b6 {[%clk
00:18:20]} {[%emt 00:03:24]} 25. h4 {[%clk 00:43:01]} {[%emt 00:03:08]} a5
{[%clk 00:11:52]} {[%emt 00:06:59]} 26. Qh5 {[%clk 00:32:47]} {[%emt 00:10:42]}
Ng6 {[%clk 00:12:11]} {[%emt 00:00:11]} 27. Qf5 {[%clk 00:30:40]} {[%emt
00:02:37]} Nxh4 {[%clk 00:11:43]} {[%emt 00:00:59]} 28. Qxf7+ {[%clk 00:22:34]}
{[%emt 00:08:36]} Rxf7 {[%clk 00:11:57]} {[%emt 00:00:15]} 29. Rxf7 {[%clk
00:22:24]} {[%emt 00:00:40]} a4 {[%clk 00:10:13]} {[%emt 00:02:15]} 30. Rxc7+
{[%clk 00:21:27]} {[%emt 00:01:26]} axb3 {[%clk 00:10:20]} {[%emt 00:00:22]}
31. Rxc6 {[%clk 00:21:43]} {[%emt 00:00:15]} bxa2 {[%clk 00:10:29]} {[%emt
00:00:21]} 32. Rc8+ {[%clk 00:22:04]} {[%emt 00:00:09]} Kf7 {[%clk 00:10:53]}
{[%emt 00:00:06]} 33. Ra8 {[%clk 00:22:27]} {[%emt 00:00:07]} Ng6 {[%clk
00:11:01]} {[%emt 00:00:22]} 34. Rxa2 {[%clk 00:22:49]} {[%emt 00:00:08]} Ne7
{[%clk 00:11:19]} {[%emt 00:00:12]} 35. Ra7 {[%clk 00:23:01]} {[%emt 00:00:18]}
Kf6 {[%clk 00:11:43]} {[%emt 00:00:06]} 36. Rb7 {[%clk 00:23:06]} {[%emt
00:00:24]} h5 {[%clk 00:11:34]} {[%emt 00:00:40]} 37. Rxb6+ {[%clk 00:23:27]}
{[%emt 00:00:09]} Kf7 {[%clk 00:11:56]} {[%emt 00:00:08]} 38. Rb7 {[%clk
00:23:22]} {[%emt 00:00:35]} Ke6 {[%clk 00:12:19]} {[%emt 00:00:07]} 39. Rxe7+
{[%clk 00:23:23]} {[%emt 00:00:29]} 1-0